La Tierra, el planeta de la vida /

Los factores que originaron la vida en la Tierra, la tectónica de placas y el origen de las montañas. ¿Qué hace posible el origen y la continuidad de la vida en la Tierra? La vida, tal como la conocemos aquí, ¿es posible en otros planetas?

Guardado en:
Autor Principal: Ramos, Victor.
Autores Corporativos: Ministerio de Educación de la Nación., Canal Encuentro.
Otros Autores: Paenza, Adrián; Conducción., Folguera, Andrés; Co-autor.
Formato: Deslizar
Publicado: Argentina, 2008
Series:Explora. Ciencias Naturales
Materias:
Etiquetas: Agregar Etiqueta
Sin Etiquetas, Sea el primero en etiquetar este registro!
LEADER 01402ngm a22003735g 4500
001 CEM.cems023175
008 130507s2008##################0###0#####d
005 20241218174540.0
245 1 0 |a La Tierra, el planeta de la vida /  |c Victor Ramos. 
260 |a Argentina,  |c 2008 
300 |a 28'. 
490 0 |a Explora. Ciencias Naturales 
500 |a Consultar en ventanilla. 
520 |a Los factores que originaron la vida en la Tierra, la tectónica de placas y el origen de las montañas. ¿Qué hace posible el origen y la continuidad de la vida en la Tierra? La vida, tal como la conocemos aquí, ¿es posible en otros planetas? 
505 0 |a Los factores que originaro 
538 |a Soporte: DVD - Color: Si - Grabación DRD 
590 |a Identificación anterior registrada en SIABUC: DVD Nº47 
100 1 |a Ramos, Victor. 
700 1 |a Paenza, Adrián; Conducción. 
700 1 |a Folguera, Andrés; Co-autor. 
710 2 |a Ministerio de Educación de la Nación. 
710 2 |a Canal Encuentro. 
082 5 7 |/ RAM 
653 |a CIENCIAS NATURALES 
653 |a PLANETA TIERRA 
653 |a ORIGEN DE LA VIDA 
653 |a BIOLOGÍA 
653 |a GEOLOGÍA 
653 |a MONTAÑAS 
653 |a PLANETAS 
653 |a NIVEL PRIMARIO 
653 |a NIVEL SECUNDARIO 
653 |a SERIE DE TELEVISIÓN 
859 |a CEMS  |b BIB. CEMS - Depto. Recursos Didacticos  |h 570  |i RAM  |k DRD  |p 1818.13  |t Ej.1